<?xml version="1.0" encoding="UTF-8"?>
<record
    xmlns:xsi="http://www.w3.org/2001/XMLSchema-instance"
    xsi:schemaLocation="http://www.loc.gov/MARC21/slim http://www.loc.gov/standards/marcxml/schema/MARC21slim.xsd"
    xmlns="http://www.loc.gov/MARC21/slim">

  <leader>00583nam a22001337a 4500</leader>
  <datafield tag="040" ind1=" " ind2=" ">
    <subfield code="c">RUA</subfield>
  </datafield>
  <datafield tag="082" ind1=" " ind2=" ">
    <subfield code="a">VEM SOR 2015 B525 Or.1</subfield>
  </datafield>
  <datafield tag="100" ind1=" " ind2=" ">
    <subfield code="a">SORN KHIM; &#x179F;&#x17CA;&#x1793; &#x1783;&#x17B8;&#x1798;</subfield>
  </datafield>
  <datafield tag="245" ind1=" " ind2=" ">
    <subfield code="a">Survey on foot and mouth disease of cattle in chap commune, prey kabbas district, takeo province; &#x1780;&#x17B6;&#x179A;&#x17A2;&#x1784;&#x17D2;&#x1780;&#x17C1;&#x178F;&#x1787;&#x17C6;&#x1784;&#x17BA;&#x17A2;&#x17BB;&#x178F;&#x1780;&#x17D2;&#x178F;&#x17B6;&#x1798;&#x179B;&#x17BE;&#x1782;&#x17C4;&#x1780;&#x17D2;&#x1793;&#x17BB;&#x1784;&#x1783;&#x17BB;&#x17C6;&#x1785;&#x17B6;&#x179A; &#x179F;&#x17D2;&#x179A;&#x17BB;&#x1780;&#x1796;&#x17D2;&#x179A;&#x17C3;&#x1780;&#x1794;&#x17D2;&#x1794;&#x17B6;&#x179F; &#x1781;&#x17C1;&#x178F;&#x17D2;&#x178F;&#x178F;&#x17B6;&#x1780;&#x17C2;&#x179C;</subfield>
  </datafield>
  <datafield tag="260" ind1=" " ind2=" ">
    <subfield code="a">Phnom Penh</subfield>
    <subfield code="b">RUA</subfield>
    <subfield code="c">2015</subfield>
  </datafield>
  <datafield tag="300" ind1=" " ind2=" ">
    <subfield code="a">ix; 34p;</subfield>
    <subfield code="b">ill;</subfield>
    <subfield code="c">29cm;</subfield>
  </datafield>
  <datafield tag="856" ind1=" " ind2=" ">
    <subfield code="u">SORN KHIM</subfield>
  </datafield>
  <datafield tag="942" ind1=" " ind2=" ">
    <subfield code="c">VEM</subfield>
  </datafield>
  <datafield tag="999" ind1=" " ind2=" ">
    <subfield code="c">10631</subfield>
    <subfield code="d">10631</subfield>
  </datafield>
  <datafield tag="952" ind1=" " ind2=" ">
    <subfield code="0">0</subfield>
    <subfield code="1">0</subfield>
    <subfield code="2">ddc</subfield>
    <subfield code="4">0</subfield>
    <subfield code="6">VEM_SOR_2015_000000000000000_B525_OR_1</subfield>
    <subfield code="7">0</subfield>
    <subfield code="9">55111</subfield>
    <subfield code="a">LBB</subfield>
    <subfield code="b">LBB</subfield>
    <subfield code="c">B525</subfield>
    <subfield code="d">2016-10-31</subfield>
    <subfield code="o">VEM SOR 2015 B525 Or.1</subfield>
    <subfield code="p">RUA061085</subfield>
    <subfield code="r">2016-10-31</subfield>
    <subfield code="w">2016-10-31</subfield>
    <subfield code="y">VEM</subfield>
  </datafield>
  <datafield tag="952" ind1=" " ind2=" ">
    <subfield code="0">0</subfield>
    <subfield code="1">0</subfield>
    <subfield code="2">ddc</subfield>
    <subfield code="4">0</subfield>
    <subfield code="6">VEM_SOR_2015_000000000000000_B525_OR_2</subfield>
    <subfield code="7">0</subfield>
    <subfield code="9">55112</subfield>
    <subfield code="a">LBB</subfield>
    <subfield code="b">LBB</subfield>
    <subfield code="c">B525</subfield>
    <subfield code="d">2016-10-31</subfield>
    <subfield code="o">VEM SOR 2015 B525 Or.2</subfield>
    <subfield code="p">RUA057100</subfield>
    <subfield code="r">2016-10-31</subfield>
    <subfield code="w">2016-10-31</subfield>
    <subfield code="y">VEM</subfield>
  </datafield>
  <datafield tag="952" ind1=" " ind2=" ">
    <subfield code="0">0</subfield>
    <subfield code="1">0</subfield>
    <subfield code="2">ddc</subfield>
    <subfield code="4">0</subfield>
    <subfield code="6">VEM_SOR_2015_000000000000000_B525_OR_3</subfield>
    <subfield code="7">0</subfield>
    <subfield code="9">55113</subfield>
    <subfield code="a">LBB</subfield>
    <subfield code="b">LBB</subfield>
    <subfield code="c">B525</subfield>
    <subfield code="d">2016-10-31</subfield>
    <subfield code="o">VEM SOR 2015 B525 Or.3</subfield>
    <subfield code="p">RUA060657</subfield>
    <subfield code="r">2016-10-31</subfield>
    <subfield code="w">2016-10-31</subfield>
    <subfield code="y">VEM</subfield>
  </datafield>
  <datafield tag="952" ind1=" " ind2=" ">
    <subfield code="0">0</subfield>
    <subfield code="1">0</subfield>
    <subfield code="2">ddc</subfield>
    <subfield code="4">0</subfield>
    <subfield code="6">VEM_SOR_2015_000000000000000_B525_OR_4</subfield>
    <subfield code="7">0</subfield>
    <subfield code="9">55114</subfield>
    <subfield code="a">LBB</subfield>
    <subfield code="b">LBB</subfield>
    <subfield code="c">B525</subfield>
    <subfield code="d">2016-10-31</subfield>
    <subfield code="o">VEM SOR 2015 B525 Or.4</subfield>
    <subfield code="p">A03321</subfield>
    <subfield code="r">2016-10-31</subfield>
    <subfield code="w">2016-10-31</subfield>
    <subfield code="y">VEM</subfield>
  </datafield>
  <datafield tag="952" ind1=" " ind2=" ">
    <subfield code="0">0</subfield>
    <subfield code="1">0</subfield>
    <subfield code="2">ddc</subfield>
    <subfield code="4">0</subfield>
    <subfield code="6">VEM_SOR_2015_000000000000000_B525_OR_5</subfield>
    <subfield code="7">0</subfield>
    <subfield code="9">55115</subfield>
    <subfield code="a">LBB</subfield>
    <subfield code="b">LBB</subfield>
    <subfield code="c">B525</subfield>
    <subfield code="d">2016-10-31</subfield>
    <subfield code="o">VEM SOR 2015 B525 Or.5</subfield>
    <subfield code="p">RUA061100</subfield>
    <subfield code="r">2016-10-31</subfield>
    <subfield code="w">2016-10-31</subfield>
    <subfield code="y">VEM</subfield>
  </datafield>
  <datafield tag="952" ind1=" " ind2=" ">
    <subfield code="0">0</subfield>
    <subfield code="1">0</subfield>
    <subfield code="2">ddc</subfield>
    <subfield code="4">0</subfield>
    <subfield code="6">VEM_SOR_2015_000000000000000_B525_OR_6</subfield>
    <subfield code="7">0</subfield>
    <subfield code="9">55116</subfield>
    <subfield code="a">LBB</subfield>
    <subfield code="b">LBB</subfield>
    <subfield code="c">B525</subfield>
    <subfield code="d">2016-10-31</subfield>
    <subfield code="o">VEM SOR 2015 B525 Or.6</subfield>
    <subfield code="p">RUA060717</subfield>
    <subfield code="r">2016-10-31</subfield>
    <subfield code="w">2016-10-31</subfield>
    <subfield code="y">VEM</subfield>
  </datafield>
  <datafield tag="952" ind1=" " ind2=" ">
    <subfield code="0">0</subfield>
    <subfield code="1">0</subfield>
    <subfield code="2">ddc</subfield>
    <subfield code="4">0</subfield>
    <subfield code="6">VEM_SOR_2015_000000000000000_B525_OR_7</subfield>
    <subfield code="7">0</subfield>
    <subfield code="9">55117</subfield>
    <subfield code="a">LBB</subfield>
    <subfield code="b">LBB</subfield>
    <subfield code="c">B525</subfield>
    <subfield code="d">2016-10-31</subfield>
    <subfield code="o">VEM SOR 2015 B525 Or.7</subfield>
    <subfield code="p">A03296</subfield>
    <subfield code="r">2016-10-31</subfield>
    <subfield code="w">2016-10-31</subfield>
    <subfield code="y">VEM</subfield>
  </datafield>
  <datafield tag="952" ind1=" " ind2=" ">
    <subfield code="0">0</subfield>
    <subfield code="1">0</subfield>
    <subfield code="2">ddc</subfield>
    <subfield code="4">0</subfield>
    <subfield code="6">VEM_SOR_2015_000000000000000_B525_OR_8</subfield>
    <subfield code="7">0</subfield>
    <subfield code="9">55118</subfield>
    <subfield code="a">LBB</subfield>
    <subfield code="b">LBB</subfield>
    <subfield code="c">B525</subfield>
    <subfield code="d">2016-10-31</subfield>
    <subfield code="o">VEM SOR 2015 B525 Or.8</subfield>
    <subfield code="p">RUA060367</subfield>
    <subfield code="r">2016-10-31</subfield>
    <subfield code="w">2016-10-31</subfield>
    <subfield code="y">VEM</subfield>
  </datafield>
  <datafield tag="952" ind1=" " ind2=" ">
    <subfield code="0">0</subfield>
    <subfield code="1">0</subfield>
    <subfield code="4">0</subfield>
    <subfield code="6">VEM_SOR_2015_000000000000000_B693_OR_1</subfield>
    <subfield code="7">0</subfield>
    <subfield code="9">87114</subfield>
    <subfield code="a">LBB</subfield>
    <subfield code="b">LBB</subfield>
    <subfield code="c">B693</subfield>
    <subfield code="d">2021-10-13</subfield>
    <subfield code="o">VEM SOR 2015 B693 Or.1</subfield>
    <subfield code="p">A09401</subfield>
    <subfield code="r">2021-10-13</subfield>
    <subfield code="y">VEM</subfield>
  </datafield>
  <datafield tag="952" ind1=" " ind2=" ">
    <subfield code="0">0</subfield>
    <subfield code="1">0</subfield>
    <subfield code="4">0</subfield>
    <subfield code="6">VEM_SOR_2015_000000000000000_B693_OR_1</subfield>
    <subfield code="7">0</subfield>
    <subfield code="9">87115</subfield>
    <subfield code="a">LBB</subfield>
    <subfield code="b">LBB</subfield>
    <subfield code="c">B693</subfield>
    <subfield code="d">2021-10-13</subfield>
    <subfield code="o">VEM SOR 2015 B693 Or.1</subfield>
    <subfield code="p">A09326</subfield>
    <subfield code="r">2021-10-13</subfield>
    <subfield code="y">VEM</subfield>
  </datafield>
</record>
